000 02227cam a22005654i 4500
003 PE-LiUPU
005 20250731170436.0
008 150625s1986 mx a rb 000 0 spa d
035 _a(Sirsi) a31803
040 _aPE-LiUPU
_bspa
_cPE-LiUPU
_dPE-LiUPU
_erda
049 _aPRUA
082 0 4 _a155.423
_bG71
_221
100 1 _aGonzales Salazar, Judith del Carmen,
_eautor.
245 1 0 _aCómo educar la inteligencia del preescolar :
_bmanual de actividades cognoscitivas /
_cJudith del Carmen González Salazar.
264 1 _aMéxico :
_bTrillas,
_c1986.
300 _a72 páginas :
_bilustraciones ;
_c23 centímetros
336 _atext
_2rdacontent
337 _aunmediated
_2rdamedia
338 _avolume
_2rdacarrier
504 _aBibliografía: página 69.
505 0 _aLos aspectos psicopedagógicos del programa: Los alcances epistemológicos de la teoría de Piaget, Las aportaciones psicológicas de Piaget, Los aspectos biológicos de la teoría de Piaget, Las implicaciones educativas -- El programa de actividades cognoscitivas preescolares -- La metodología pedagógica: La metodología pedagógica para las actividades simbólicas, La metodología para las actividades de construcción, La metodología para las actividades de experimentación.
526 _aSEG68
526 _aSEG70
526 _aSEG69
526 _aSEG67
526 _aSEG43
526 _aP144
526 _aP143
526 _aP131
526 _aP122
526 _aP120
526 _aP117
526 _aP112
526 _aP110
526 _aP106
526 _aP101
526 _aP80
526 _aP59
526 _aP54
526 _aP35
526 _aP33
526 _aP30
650 0 4 _aEducación preescolar.
942 _2ddc
_cBOOK
949 _a155.423 G71
_wDEWEY
_c1
_i28473
_lCCODEBUL1
_mBUL
_p12.00
_r0
_sY
_tBOOK
_u2015-06-25
_xBIBLIOTECA
_zUNKNOWN
_0COMPRA
_o.STAFF. Colección Ciencias de la Salud
994 _aC0
_bPEPRU
596 _a1
999 _a155.423 G71
_wDEWEY
_c39392
_i28473
_f2021-11-3
_g5
_lCCODEBUL1
_mBUL
_p12.00
_r0
_sY
_tBOOK
_u2015-6-25
_xSALUD
_zUNKNOWN
_0COMPRA
_o.STAFF. Colección Ciencias de la Salud
_d39392
980 _81
_gALBERTO SANCHEZ Responsable de Automatización